00476nam a2200181Ia 450000500170000000800410001702000140005804000190007204100120009108200150010310000220011824500480014026000250018830000120021365000230022565100360024885000100028420230207140522.0131103s9999 xx 000 0 und d a701117532 aLoreto College aEnglish a820.9bDAV aDavidson, Mildred 4aThe Poetry is in the pitycMildred Davidson aLondonbChattoc1972 a160 p.  aEnglish Literature aHistory and Criticism - Poetry aLCLIB